Statistics for Largest Cities in Norway

Click here to take the quiz!

General Stats

  • This quiz has been taken 47 times
  • The average score is 15 of 58

Answer Stats

CountyPopulationCity% Correct
Oslo1.000.000Oslo
98%
Hordaland255.500Bergen
95%
Troms39.800Tromsø
79%
Trøndelag183.400Trondheim
79%
Rogaland222.700Stavanger
69%
Buskerud117.500Drammen
50%
Oppland20.500Lillehammer
50%
Vest-Agder63.400Kristiansand
48%
Nordland41.200Bodø
40%
Møre og Romsdal52.600Ålesund
36%
Møre og Romsdal21.000Molde
33%
Akershus19.500Ski
33%
Hedmark27.700Hamar
31%
Østfold47.000Moss
31%
Finnmark15.300Alta
29%
Akershus10.800Ås
29%
Nordland14.100Narvik
29%
Telemark93.100Skien
29%
Møre og Romsdal18.300Kristiansund
26%
Nordland18.900Mo i Rana
26%
Aust-Agder43.400Arendal
24%
Rogaland44.900Haugesund
24%
Buskerud22.000Kongsberg
24%
Vestfold24.400Larvik
24%
Vest-Agden10.900Mandal
24%
Vestfold44.000Sandefjord
24%
Vestfold51.900Tønsberg
24%
Hedmark14.900Elverum
21%
Oppland20.500Gjøvik
21%
Østfold25.600Halden
19%
Hedmark12.100Kongsvinger
19%
Akershus18.700Jessheim
17%
Trøndelag12.900Steinkjer
17%
Hordaland23.400Askøy
14%
Sogn og Fjordane10.300Førde
14%
Aust-Agder13.100Grimstad
14%
Troms21.000Harstad
14%
Buskerud15.900Hønefoss
14%
Vestfold20.500Horten
14%
Østfold14.400Askim
12%
Hedmark10.300Brumunddal
12%
Rogaland12.100Bryne
12%
Akershus13.400Drøbak
12%
Rogaland11.500Egersund
12%
Østfold122.500Frederikstad
12%
Hordaland14.200Leirvik
12%
Akershus13.000Nesoddtangen
12%
Trøndelag10.200Levanger
10%
Hordaland13.800Osøyro
10%
Troms17.000Tromsdalen
10%
Akershus13.400Råholt
7%
Trøndelag13.000Stjørdalshalsen
7%
Vest-Agder13.000Vennesla
7%
Rogaland11.300Ålgård
5%
Rogaland11.500Kopervik
5%
Vest-Agder17.700Korsvik
5%
Hordaland11.300Knarrevik
2%
Akershus11.200Lommedalen
0%

Score Distribution

Percentile by Number Answered

Percent of People with Each Score

Your Score History

You have not taken this quiz